| 000 | 00558nam a2200133Ia 4500 | ||
|---|---|---|---|
| 008 | 160809s9999 xx 000 0 und d | ||
| 100 | _aAnchala, Mercy. | ||
| 245 | 2 | _aA Study to Assess the Effect of Therapeutic Positions on Hemodynamic Parameters among Critically Ill Patients in the Intensive Care Unit at Sri Ramachandra Medical Centre | |
| 245 | _cMercy Anchala. | ||
| 260 | _bJournal of Nursing and Care | ||
| 260 | _cJuly 2016 | ||
| 650 | _xNURSING | ||
| 856 | _uhttp://www.omicsgroup.org/journals/ArchiveJNC/currentissue-nursing-care-open-access.php | ||
| 999 |
_c300177 _d300177 |
||